Wrong Country - Multiple Choice - Statistics

General Stats
  • This quiz has been taken 28 times
  • The average score is 12 of 15
Answer Stats
Question Answer % Correct
Which of these Countries is entirely located below the Equator? Cameroon
96%
Which of these Countries is entirely located on islands? Malaysia
96%
Which of these Countries was a member of the Axis during WWII? Sweden
96%
Which of these Countries is located in Europe (according to JetPunk)? Cyprus
92%
Which of these Countries is one of the Nordics? Estonia
92%
Which of these Countries is crossed by the Andes? Panama
92%
Which of these Countries used to be part of Yugoslavia? Albania
88%
Which of these Countries has English as an official language? Haiti
88%
Which of these Countries is majority Muslim? Uganda
88%
Which of these Countries borders Russia? Turkmenistan
83%
Which of these Countries uses the Euro? Serbia
75%
Which of these Countries drives on the left? Canada
71%
Which of these Countries has a population higher than 80 million? Thailand
58%
Which of these Countries is a Monarchy? Laos
54%
Which of these Countries is a BRICS member? Argentina
38%
No matching quizzes found
Score Distribution
Percent of People with Each Score
Percentile by Number Answered
Your Score History
You have not taken this quiz